Reglamento interior de la Diputación Provincial...
Descripción Física:
5 v. ; 17 cm
MARC
| LEADER | 00000nam a2200000Ia 4500 | ||
|---|---|---|---|
| 001 | 999, 9962, 7878, 9963, 7877 | ||
| 008 | 160829s1879 - 1916 xx 000 0 cat d | ||
| 080 | |a M-3-334, M-3-333, M-3-332, M-3-329, M-3-330 | ||
| 110 | 1 | |a Barcelona (Catalunya : Província). |b Diputació |9 52408 | |
| 245 | |a Reglamento interior de la Diputación Provincial... | ||
| 260 | |a Barcelona : |b (Imp. de Jaime Jepús), |c 1879 - 1916 | ||
| 300 | |a 5 v. ; |c 17 cm | ||
| 610 | 0 | |a Barcelona (Catalunya : Província). |b Diputació |x Reglaments i procediment |9 54210 | |
| 866 | |a 1879, 1883, 1884, 1895, 1916 | ||
| 901 | |a Arxiu | ||
| 942 | |n 1 | ||
| 952 | |0 0 |1 0 |4 0 |6 M3334_M3333_M3332_M3329_M3330 |7 1 |9 47472 |a Arxiu |b Arxiu |d 2016-12-01 |l 0 |o M-3-334, M-3-333, M-3-332, M-3-329, M-3-330 |p 999, 9962, 7878, 996 |r 2016-12-01 00:00:00 |w 2016-12-01 |y ARXIU | ||
| 999 | |c 51271 |d 51271 | ||